000 00970nam a22002537a 4500
005 20150728124717.0
008 150603b xxu||||| |||| 00| 0 eng d
010 _aENG-113185
020 _a9788180386466
_c3295.00
035 _aEN-96717
037 _bDBAD/PUB
037 _bAllied Pub/Ven
040 _aDPL
_bEng
082 _a348.54022
100 _aGuru Prasanna Singh
_917274
245 _aPrinciples of Statutory Interpretation :
_cby Guru Prasanna Singh
_balso including th e general clauses act, 1897 with notes /
250 _a13th rev. & enl. ed
260 _aGurgaon
_bLexisnexis
_c2012
270 _a14th Floor, Building No. 10, Tower-B, DLF Cyber City, Phase-II
_bGurgaon
_e122002
300 _accclxix,1252p.
_c25cm(Hb)
500 _aIncludes index
942 _2ddc
_cEN
_mGUR
_h348.54022
999 _c94068
_d94068